000 01584cam a2200385 a 4500
001 EDZ0000117343
003 StDuBDS
005 20161031105159.0
006 m||||||||d||||||||
007 cr |||||||||||
008 130111s2005 enka fo| 001|0|eng d
020 _a9781446263235 (ebook) :
_cNo price
040 _aStDuBDS
_beng
_cStDuBDS
_epn
049 _aAlfaisal Main Library
050 0 _aHF5415.55
_b.R44 2005
082 0 4 _a658.812
_223
245 0 0 _aRelationship marketing
_h[electronic resource] /
_cedited by John Egan and Michael J. Harker.
260 _aLondon :
_bSAGE,
_c2005.
300 _a1 online resource (3 v. (various pagings)) :
_bill.
490 1 _aSAGE library in business and management
505 0 _av. 1. Shaking the foundations -- v. 2. A broad church -- v. 3. Paradigm and perspective: the future of relationship marketing.
520 8 _aWith classic and contemporary writings from influential figures in the field, this work explores the theory and practice of relationship marketing.
521 _aSpecialized.
588 _aDescription based on print version record.
504 _aIncludes bibliographical references and index.
650 0 _aRelationship marketing.
655 7 _aElectronic books.
_2local
700 1 _aEgan, John,
_d1952-
700 1 _aHarker, Michael.
710 2 _aSage eBooks
776 0 8 _iPrint version :
_z9781412908665
830 0 _aSAGE library in business and management.
856 4 0 _uhttp://ezproxy.alfaisal.edu/login?url=http://sk.sagepub.com/navigator/relationship-marketing
942 _2lcc
_cEBOOKS
999 _c481076
_d481076